000 00495nam a22001457a 4500
003 0
005 20230314094618.0
008 230314b xxu||||| |||| 00| 0 eng d
050 _aRA 785
_b.B38 2022
245 _aMindfulness and happiness as correlates to self-care of K-12 private school administrators
_cGiena Rose V. Batucan
260 _aLas Pinas city
_bSouthville International School and Colleges
_cC2022
300 _axvii,390pp.
_c28cm.
_fTheses
500 _aSelf-care.
942 _2lcc
_cTH
999 _c364941
_d364941